Penyelia 50 minit

Bibliographic Details
Main Author: Chapman, Elwood N.
Format: Book
Published: Johor Bharu : Penerbitan Pelangi Sdn. Bhd. , 1994
Subjects:

MARC

LEADER 00000cam a2200000 7i4500
001 0000002799
005 20030123.0
020 |a 9835003882 
040 |a INS 
090 0 0 |a HF5549.   |b C4661 1994 
100 1 |a Chapman, Elwood N. 
245 1 0 |a Penyelia 50 minit   |c Elwood N. Chapman 
260 |a Johor Bharu :   |b Penerbitan Pelangi Sdn. Bhd. ,   |c 1994 
300 |a 70 m.s. ;   |c 26 cm. 
650 0 0 |a Supervision of employees 
999 |a 0000005721   |b BOOK   |c Open Shelf   |e Default branch